| 000 | 00460nam a2200181Ia 4500 | ||
|---|---|---|---|
| 001 | 1296 | ||
| 005 | 20260306143718.0 | ||
| 008 | 260306t2009||||xx |||||||||||||| ||spa|| | ||
| 041 | _aESP | ||
| 082 |
_a193 _bH36C |
||
| 100 |
_aHeidegger, Martin _eAUT |
||
| 245 | 0 |
_aLa autoafirmación de la universidad alemana: _bel rectorado, 1933-1934 |
|
| 260 | _c2009 | ||
| 300 |
_a84 pƔginas : _c20 cm. |
||
| 650 | _aGEN | ||
| 654 | _aCHU | ||
| 942 |
_cLIB _dJUS _fJUS _2ddc _n |
||
| 999 |
_c1296 _d1296 |
||